| 000 | 03708nam2a2200325 4500 | ||
|---|---|---|---|
| 001 | RU\NLR\BIBL_A\012859538 | ||
| 005 | 20220923122143.0 | ||
| 010 |
_a978-5-361-00920-6 _9300 |
||
| 021 |
_aRU _bКН-П-22-034674 _9КН-П-22-2975 |
||
| 035 | _a(NLR Aleph) 012859538 | ||
| 090 |
_a12454261 _c12454261 |
||
| 100 | _a20220804d2021 k y0rusy50 ca | ||
| 101 | 0 | _arus | |
| 102 | _aRU | ||
| 105 | _aa|||z|||100zy | ||
| 200 | 1 |
_aМеждисциплинарные исследования проблем и тенденций цифровизации общества _eматериалы национальной научно-практической конференции с международным участием (Белгород, 24-25 июня 2021 года) _eпленарные доклады _iсекции: Цифровая экономика в России, менеджмент и маркетинг: современные тенденции и технологии; Философские и социально-гуманитарные исследования проблем и тенденций цифровизации общества; Информационное взаимодействие в системе публичной политики; Институциональные проблемы цифровизации общества _fМинистерство науки и высшего образования Российской Федерации, Федеральное государственное бюджетное образовательное учреждение высшего образования Белгородский государственный технологический университет им. В. Г. Шухова, Белгородское региональное отделение Российской академии естественных наук _g[составители: Лукша Инесса Михайловна и др.] _gнауч. ред.: д-р экон. наук, проф. Е. Н. Чижова |
|
| 210 |
_aБелгород _cИзд-во БГТУ _d2021 |
||
| 215 |
_a405 с. _cил. |
||
| 320 | _aБиблиогр. в конце ст. | ||
| 461 | 0 |
_1001RU\NLR\bibl\322057 _12001#$aЭкономика. Общество. Человек$e[Сб. науч. тр.]$fМ-во образования Рос. Федерации, Белгор. гос. технол. акад. строит. материалов, Каф. экон. теории и др.$g[Под общ. науч. ред. д.э.н., проф. Галкина Л.Г.]$vВып. 40 _973724 _cБелгород _d2002 _fМ-во образования Рос. Федерации, Белгор. гос. технол. акад. строит. материалов, Каф. экон. теории и др. _nБелаудит _o[сб. науч. тр.] _tЭкономика. Общество. Человек _vВып. 40 |
|
| 606 | 1 |
_aОбщество _jСборники _xИнформатизация _92097006 _3RU\NLR\AUTH\661268693 |
|
| 686 | 1 | _aС550.10я43 | |
| 686 | 1 | _aС550.57я43 | |
| 702 | 1 |
_aЛукша _bИ. М. _gИнесса Михайловна _4340 |
|
| 711 | 1 | 2 |
_a"Междисциплинарные исследования проблем и тенденций цифровизации общества", национальная научно-практическая конференция с международным участием _eБелгород _f2021 _9805840 _3RU\NLR\AUTH\880569743 |
| 942 | _cBOOK | ||
| 980 | _aNB | ||